History Quiz

Random History or Clickable Quiz

Unit 2 Section 2, Attempts at Reform Quiz Stats

 Plays Quiz not verified by Sporcle

Score 0/10 Timer 10:00
0 Plays Today
% Correct
Created reforms to end corruption in the R.C.C. and increase his power
85.5%
to improve or make better
78.3%
the general happiness or content of the people on the manor
78.3%
dishonest or fraudulent conduct by those in power, typically involving bribery.
72.3%
Known for their cheerfulness and deep love of nature
72.3%
Offerings equal to 10% of someones income
69.9%
Preachers who traveled from town to town
66.3%
Role model clergymen who fulfilled their religious duties
61.4%
studied different languages so they could relate all the people of W.E.
59%
Most likely bought their church position and neglected their religious duties on the manor
44.6%

You're not logged in!

Compare scores with friends on all Sporcle quizzes.
OR
Log In

Sporcle TV

Today on Sporcle TV


Watch our educational content, quiz creation guides, and fun videos on Sporcle TV.

Show Comments

Extras

Top Quizzes Today


Score Distribution

Your Account Isn't Verified!

In order to create a playlist on Sporcle, you need to verify the email address you used during registration. Go to your Sporcle Settings to finish the process.

Report this User

Report this user for behavior that violates our Community Guidelines.

Details: